| 000 | 00860cam a22002777a 4500 | ||
|---|---|---|---|
| 001 | 17569939 | ||
| 005 | 20180308072755.0 | ||
| 008 | 121220s2013 njua 001 0 eng d | ||
| 010 | _a 2012275023 | ||
| 020 | _a9781118380871 (alk. paper) | ||
| 020 | _a1118380878 (alk. paper) | ||
| 035 | _a(OCoLC)ocn785870358 | ||
| 040 |
_aBTCTA _beng _cBTCTA _dYDXCP _dKSU _dDLC |
||
| 041 | _aeng | ||
| 042 | _alccopycat | ||
| 080 | _a338.190973 FDA | ||
| 082 | 0 | 0 |
_a338.190973 FDA _223 |
| 100 | _a10 | ||
| 101 | _aMJE | ||
| 245 | 0 | 0 |
_aNEHA professional food manager / _cNational Environmental Health Association. |
| 246 | 3 | 0 | _aProfessional food manager |
| 740 | 0 | _aNEHA certified professional food manager. | |
| 906 |
_a7 _bcbc _ccopycat _d2 _encip _f20 _gy-gencatlg |
||
| 942 |
_2ddc _cBK |
||
| 999 |
_c44474 _d44474 |
||